000 00238nam a2200097Ia 4500
082 _aEKF GOOD
245 0 _aDr. White
100 _a GOODALL, Jane New York, 2003
_993000
942 _cBK
008 210817s9999 xx 000 0 und d
999 _c379733
_d379731